|
|
|
|
| LEADER |
01719nam a2200469 4500 |
| 001 |
ocn942748752 |
| 003 |
OCoLC |
| 005 |
20180501122030.0 |
| 006 |
m o d |
| 007 |
cr bn||||aucuu |
| 008 |
160303s2016 maua ob 001 0 eng d |
| 040 |
|
|
|a OPELS
|b eng
|e rda
|e pn
|c OPELS
|d YDXCP
|d N$T
|d IDEBK
|d CDX
|d D6H
|d OCLCQ
|d DEBBG
|d GrThAP
|
| 019 |
|
|
|a 941066738
|a 942706824
|
| 020 |
|
|
|a 9780128048016
|
| 020 |
|
|
|a 9780128052174
|
| 020 |
|
|
|a 0128052171
|
| 020 |
|
|
|a 0128048018
|
| 035 |
|
|
|a (OCoLC)942748752
|z (OCoLC)941066738
|z (OCoLC)942706824
|
| 050 |
|
4 |
|a QH430
|
| 060 |
|
4 |
|a QU 450
|
| 072 |
|
7 |
|a SCI
|x 027000
|2 bisacsh
|
| 082 |
0 |
4 |
|a 572.8
|2 23
|
| 049 |
|
|
|a TEFA
|
| 245 |
0 |
0 |
|a Advances in genetics.
|n Volume 93 /
|c edited by Theodore Friedmann, Jay C. Dunlap, Stephen F. Goodwin.
|
| 264 |
|
1 |
|a Waltham, Massachusetts :
|b Academic Press,
|c 2015.
|
| 300 |
|
|
|a 1 online resource :
|b color illustrations.
|
| 336 |
|
|
|a text
|b txt
|2 rdacontent
|
| 337 |
|
|
|a computer
|b c
|2 rdamedia
|
| 338 |
|
|
|a online resource
|b cr
|2 rdacarrier
|
| 490 |
1 |
|
|a Advances in Genetics ;
|v volume 93
|
| 504 |
|
|
|a Includes bibliographical references and index.
|
| 588 |
0 |
|
|a Online resource; title from PDF title page (ScienceDirect, viewed March 3, 2016).
|
| 650 |
|
0 |
|a Genetics.
|
| 650 |
|
7 |
|a Genetics.
|2 fast
|0 (OCoLC)fst00940117
|
| 650 |
|
7 |
|a SCIENCE / Life Sciences / Evolution
|2 bisacsh
|
| 650 |
1 |
2 |
|a Genetics.
|
| 655 |
|
4 |
|a Electronic books.
|
| 700 |
1 |
|
|a Friedmann, Theodore,
|d 1935-
|e editor.
|
| 700 |
1 |
|
|a Dunlap, Jay C.,
|e editor.
|
| 700 |
1 |
|
|a Goodwin, Stephen F.,
|e editor.
|
| 830 |
|
0 |
|a Advances in genetics ;
|v volume 93.
|
| 856 |
4 |
0 |
|u https://www.sciencedirect.com/science/bookseries/00652660/93
|z Full Text via HEAL-Link
|